000 00437nam a22001697a 4500
003 OSt
005 20230414113818.0
008 180619b ||||| |||| 00| 0 eng d
020 _a0373652577
040 _aMMU
_beng
_cMMU
_dMMU
050 _aFIC PS 3739.C43 1997
100 _aChamber Ginger
245 _aWest Texas Weddings/
_cGinger Chambers.
260 _aNew York:
_bHarlequin;
_c1997.
300 _a299 p. :
942 _2lcc
_cFICTION
999 _c30707
_d30706